000 02249nam a2200397 c 4500
003 BLK
005 20231103005156.0
008 180408b bul|||||r ||||||| ||bul||
010 _aKNG00090357000
020 _a954-585-737-4
_bиздат.: Бард
040 _aBLK
041 _aBUL
_cBUL
080 _aРазпространяване на научните знания - популяризиране на науката, занимателна наука, учение за явленията научно необяснени, заблуждения и фалшификации, илюзии и др. п., секретност на научните знания
_b001.9
_x(02.062)
_z001.9(02.062)
080 _aМорско корабоплаване
_b656.61
_x(02.062)
_z656.61(02.062)
080 _aЕксплоатация на въздушния транспорт - Въздушни полети и линии, пътнически и товарен превоз, авиационни произшествия и др.
_b656.7
_x(02.062)
_z656.7(02.062)
100 1 _aМакгрегър, Роб
_eпърви автор
_9301972
700 1 _aДжърнън, Брус
_eсъавт.
_961277
700 _aБожилов, Венцислав Божидаров
_cТеодосиев, Стефан, 1968- (псевдоним)
_d1968-
_9367877
139 _aМакгрегър, Роб и др.
_bМ 19
245 1 0 _aМъглата
_bБермудски триъгълник : Непубликувана теория за феномена
_cРоб Макгрегър; съавт. Брус Джърнън; прев. Венцислав Божидаров Божилов.
257 _aUSA
260 София
_bБард
_c2006
300 _a208 с.
_c20 см
380 _a0
500 _aОриг. загл. The Fog / Rob MacGregor, Bruce Gernon. - Библиогр. с. 206-207
504 _a206-207
650 4 _aПриродни явления
_9243365
653 _aприродни явления
653 _aБермудският триъгълник
852 _aЦб 244604
856 4 _qpdf
_u
856 4 _qpdf
_u
942 _cKNG
_n0
944 _aCR
_c03.07.2009
_k
_lCRON CRON
944 _aED
_c03.07.2009
_k
999 _c85755
_d85755